Wyoming Basketball: Leading Scorer Every Year - Statistics

General Stats
  • This quiz has been taken 13 times
    7 since last reset
  • The average score is 18 of 76
Answer Stats
Year Player Average % Correct
2019-2020 Hunter Maldonado 15.8
83%
2022-2023 Hunter Maldonado 15.6
83%
2013-2014 Larry Nance Jr. 15.4
83%
2014-2015 Larry Nance Jr. 16.1
83%
2021-2022 Graham Ike 19.5
67%
1985-1986 Fennis Dembo 17.0
50%
1986-1987 Fennis Dembo 20.3
50%
1987-1988 Fennis Dembo 20.4
50%
2015-2016 Josh Adams 26.8
50%
1989-1990 Reggie Slater 16.7
33%
1990-1991 Reggie Slater 19.2
33%
1991-1992 Reggie Slater 17.9
33%
2023-2024 Sam Griffin 16.9
33%
2009-2010 Afam Muojeke 16.8
17%
1981-1982 Bill Garnett 18.1
17%
1952-1953 Bill Sharp 14.3
17%
2005-2006 Brandon Ewing 13.2
17%
2006-2007 Brandon Ewing 19.9
17%
2007-2008 Brandon Ewing 17.2
17%
2008-2009 Brandon Ewing 18.5
17%
1968-1969 Carl Ashley 21.0
17%
1969-1970 Carl Ashley 21.3
17%
1977-1978 Charles Bradley 13.7
17%
1978-1979 Charles Bradley 15.7
17%
1979-1980 Charles Bradley 19.1
17%
1980-1981 Charles Bradley 19.2
17%
1961-1962 Curt Jimerson 17.5
17%
1992-1993 David Murray 13.7
17%
1993-1994 David Murray 16.9
17%
2010-2011 Desmar Jackson 14.6
17%
2002-2003 Donta Richardson 18.1
17%
1960-1961 Earl Nau 16.8
17%
1962-1963 Flynn Robinson 26.2
17%
1963-1964 Flynn Robinson 25.6
17%
1964-1965 Flynn Robinson 27.0
17%
1966-1967 Harry Hall 18.4
17%
1967-1968 Harry Hall 20.1
17%
1953-1954 Harry Jorgensen 13.5
17%
1954-1955 Harry Jorgensen 14.5
17%
2003-2004 Jay Straight 15.7
17%
2004-2005 Jay Straight 18.0
17%
1997-1998 Jeron Roberts 19.0
17%
1955-1956 Joe Capua 24.5
17%
1976-1977 Joe Fazekas 13.5
17%
1948-1949 John Filch / John Pilch 10.8
17%
1949-1950 John Pilch 11.5
17%
1999-2000 Josh Davis 14.3
17%
2016-2017 Justin James 16.0
17%
2017-2018 Justin James 18.9
17%
2018-2019 Justin James 22.1
17%
1994-1995 Ladrell Whitehead 14.9
17%
1995-1996 Ladrell Whitehead 17.7
17%
1996-1997 Ladrell Whitehead 21.7
17%
2011-2012 Leonard Washington 12.9
17%
1965-1966 Leon Clark 22.4
17%
2012-2013 Luke Martinez 14.5
17%
2000-2001 Marcus Bailey 17.4
17%
2001-2002 Marcus Bailey 14.6
17%
2020-2021 Marcus Williams 14.8
17%
1982-1983 Mike Jackson 13.1
17%
1950-1951 Moe Radovich 13.9
17%
1951-1952 Moe Radovich 12.9
17%
1975-1976 Pat Flanigan 12.6
17%
1988-1989 Robyn Davis 19.5
17%
1971-1972 Rodger Penner 16.8
17%
1984-1985 Rodney Gowens 14.4
17%
1972-1973 Ron Crowell 12.0
17%
1973-1974 Ron Crowell 17.7
17%
1974-1975 Stan Boyer 15.6
17%
1959-1960 Terry Happel 17.2
17%
1983-1984 Tony Martin 14.5
17%
1956-1957 Tony Windis 19.0
17%
1957-1958 Tony Windis 21.0
17%
1958-1959 Tony Windis 24.4
17%
1998-1999 Ugo Udezue 20.5
17%
1970-1971 Willie Roberson 20.1
17%
No matching quizzes found
Score Distribution
Percent of People with Each Score
Percentile by Number Answered
Your Score History
You have not taken this quiz since the last reset